|
|
|
|
| LEADER |
00000cam a22000004a 4500 |
| 001 |
musev2_65358 |
| 003 |
MdBmJHUP |
| 005 |
20230905050728.0 |
| 006 |
m o d |
| 007 |
cr||||||||nn|n |
| 008 |
110722s1984 onc o 00 0 eng d |
| 020 |
|
|
|a 9781772821192
|
| 020 |
|
|
|z 1772821195
|
| 035 |
|
|
|a (OCoLC)1132658482
|
| 040 |
|
|
|a MdBmJHUP
|c MdBmJHUP
|
| 041 |
0 |
|
|a eng
|b fre
|
| 100 |
1 |
|
|a McGhee, Robert.
|
| 245 |
1 |
4 |
|a Thule Village at Brooman Point, High Arctic Canada /
|c Robert McGhee.
|
| 264 |
|
1 |
|a [Ottawa] :
|b National Museums of Canada,
|c 1984.
|
| 264 |
|
3 |
|a Baltimore, Md. :
|b Project MUSE,
|c 2020
|
| 264 |
|
4 |
|c ©1984.
|
| 300 |
|
|
|a 1 online resource (168 pages):
|b illustrations
|
| 336 |
|
|
|a text
|b txt
|2 rdacontent
|
| 337 |
|
|
|a computer
|b c
|2 rdamedia
|
| 338 |
|
|
|a online resource
|b cr
|2 rdacarrier
|
| 490 |
0 |
|
|a Paper / Archaeological Survey of Canada,
|x 0317-2244 ;
|v no. 125 =
|a Dossier / Commission archeologique du Canada ;
|v no 125
|
| 490 |
0 |
|
|a Mercury series,
|x 0316-1854 =
|a Collection Mercure
|
| 588 |
|
|
|a Description based on print version record.
|
| 651 |
|
7 |
|a Brooman Point Site
|2 gnd
|
| 651 |
|
7 |
|a Nunavut
|z Brooman Point Site.
|2 fast
|0 (OCoLC)fst01243456
|
| 651 |
|
7 |
|a Nunavut.
|2 fast
|0 (OCoLC)fst01287524
|
| 651 |
|
6 |
|a Nunavut
|x Antiquites.
|
| 651 |
|
6 |
|a Brooman Point (Nunavut : Site archeologique)
|
| 651 |
|
0 |
|a Nunavut
|x Antiquities.
|
| 651 |
|
0 |
|a Brooman Point Site (Nunavut)
|
| 650 |
|
7 |
|a Thule culture.
|2 fast
|0 (OCoLC)fst01150464
|
| 650 |
|
7 |
|a Excavations (Archaeology)
|2 fast
|0 (OCoLC)fst00917564
|
| 650 |
|
7 |
|a Antiquities.
|2 fast
|0 (OCoLC)fst00810745
|
| 650 |
|
6 |
|a Culture thuleenne
|z Nunavut.
|
| 650 |
|
6 |
|a Fouilles (Archeologie)
|z Nunavut.
|
| 650 |
|
0 |
|a Excavations (Archaeology)
|z Nunavut.
|
| 650 |
|
0 |
|a Thule culture
|z Nunavut.
|
| 655 |
|
7 |
|a Electronic books.
|2 local
|
| 710 |
2 |
|
|a Project Muse.
|e distributor
|
| 830 |
|
0 |
|a Book collections on Project MUSE.
|
| 856 |
4 |
0 |
|z Texto completo
|u https://projectmuse.uam.elogim.com/book/65358/
|
| 945 |
|
|
|a Project MUSE - Custom Collection
|
| 945 |
|
|
|a Project MUSE - Archive Complete Supplement VIII
|
| 945 |
|
|
|a Project MUSE - Archive Archaeology and Anthropology Supplement VIII
|